ASTM standards on Aquatic toxicology and hazard evaluation

Saved in:
Bibliographic Details
Corporate Author: ASTM Committee E-47 on Biological Effects and Environmental Fate
Format: Book
Language:English
Published: Philadelphia : ASTM, c1993
Subjects:
Tags: Add Tag
No Tags, Be the first to tag this record!

MARC

LEADER 00000cam a2200000 i 4500
001 1/16051
008 980717s1993 eng d
020 |a 0-8031-1778-7 
035 |l 10020058 
040 |a GR-MY-UA  |b gre  |e aacr 
041 0 |a eng 
082 0 |a 615.902 
245 0 0 |a ASTM standards on Aquatic toxicology and hazard evaluation /  |c Sponsored by ASTM Committee E-47 on Biological Effects and Environmental Fate 
260 |a Philadelphia :   |b ASTM,   |c c1993 
300 |a 538 p. 
504 |a Includes index 
650 0 0 |a Water  |x Pollution  |x Toxicology  |x Standards  |z United States. 
710 2 |a ASTM Committee E-47 on Biological Effects and Environmental Fate. 
852 |a INST  |b LESVOS  |e 19980717  |h 615.902 AST  |p 005100013580  |q 005100013580  |t BK  |y 0 
901 |a BIBL-1998-2 
922 |a 1ΕΛΗ  |b 199806  |c ΚΠΣ/ΤΠ  |d ΠΑΠΑΣΩΤΗΡΙΟΥ 
950 |a 107-1998-04-07